[Event "Recco op 6th"]
[Site "Recco"]
[Date "2012.10.27"]
[Round "2"]
[White "Simoncini, Francesco"]
[Black "Ciccarelli, Marco"]
[Result "1-0"]
[WhiteElo "1961"]
[BlackElo "1843"]
[PlyCount "49"]
[EventDate "2012.10.26"]
[EventType "swiss"]
[EventRounds "5"]
[EventCountry "ITA"]
[SourceTitle "EXT 2014"]
[Source "ChessBase"]
[SourceDate "2013.11.20"]
[SourceVersion "1"]
[SourceVersionDate "2013.11.20"]
[SourceQuality "1"]

1. d4 e6 2. Nc3 d5 3. e4 Nf6 4. Bg5 Bb4 5. exd5 exd5 6. Bd3 c6 7. Nge2 Bg4 8. f3 Bh5 9. 0-0 0-0 10. Nf4 Bg6 11. Nxg6 hxg6 12. Ne2 Bd6 13. Nf4 Qc7 14. Qd2 Nh7 15. Ne2 Bxh2+ 16. Kf2 Re8 17. Be3 Qe7 18. g3 f5 19. Rh1 Bxg3+ 20. Nxg3 Nd7 21. Rae1 Qf6 22. c3 g5 23. Nxf5 Rf8 24. Rxh7 Kxh7 25. Bxg5 1-0

[Event "Livigno op-A 3rd"]
[Site "Livigno"]
[Date "2012.09.10"]
[Round "1"]
[White "Simoncini, Francesco"]
[Black "Piscopo, Pierluigi"]
[Result "0-1"]
[WhiteElo "1961"]
[BlackElo "2381"]
[PlyCount "130"]
[EventDate "2012.09.10"]
[EventType "swiss"]
[EventRounds "9"]
[EventCountry "ITA"]
[SourceTitle "CBM 150 Extra"]
[Source "ChessBase"]
[SourceDate "2012.10.19"]
[SourceVersion "1"]
[SourceVersionDate "2012.10.19"]
[SourceQuality "1"]

1. e4 c5 2. d4 cxd4 3. c3 Nf6 4. e5 Nd5 5. Nf3 e6 6. cxd4 d6 7. Bc4 Nc6 8. 0-0 Be7 9. Qe2 0-0 10. Nc3 Nxc3 11. bxc3 dxe5 12. dxe5 Qa5 13. Qe4 Rd8 14. Bg5 h6 15. Bxe7 Nxe7 16. Rad1 Bd7 17. Nd4 Qxc3 18. Bd3 Nf5 19. Bb1 Bc6 20. Nxc6 Qxc6 21. g4 Qxe4 22. Bxe4 Nd4 23. Kg2 Nc6 24. Bxc6 bxc6 25. Rxd8+ Rxd8 26. Rc1 Rc8 27. Kf3 Kf8 28. Ke4 Ke7 29. f4 Kd7 30. f5 Rb8 31. fxe6+ fxe6 32. Rc4 Rb5 33. h4 c5 34. a3 Kc6 35. g5 Rb1 36. gxh6 gxh6 37. Ra4 Re1+ 38. Kf4 Rf1+ 39. Ke3 Rf7 40. Kd3 Kd5 41. Ra5 h5 42. Ke3 Rg7 43. a4 Rg3+ 44. Kd2 Kd4 45. Rxa7 Rg2+ 46. Kd1 Rh2 47. a5 Kxe5 48. a6 Rxh4 49. Ra8 Ra4 50. a7 h4 51. Rc8 Rxa7 52. Rxc5+ Kf4 53. Rc4+ Kg5 54. Rc5+ Kg6 55. Rc3 Rh7 56. Rh3 Kg5 57. Ke2 Kg4 58. Rh1 h3 59. Rg1+ Kf4 60. Rf1+ Ke4 61. Rh1 h2 62. Kf2 Kf4 63. Kg2 Kg4 64. Kf2 e5 65. Kg2 Rh6 0-1

[Event "Condino op 12th"]
[Site "Condino"]
[Date "2012.07.27"]
[Round "6"]
[White "Simoncini, Francesco"]
[Black "Achenbach, Manfred"]
[Result "1-0"]
[WhiteElo "1839"]
[BlackElo "2000"]
[PlyCount "87"]
[EventDate "2012.07.22"]
[EventType "swiss"]
[EventRounds "7"]
[EventCountry "ITA"]
[SourceTitle "CBM 149 Extra"]
[Source "ChessBase"]
[SourceDate "2012.08.24"]
[SourceVersion "1"]
[SourceVersionDate "2012.08.24"]
[SourceQuality "1"]

1. e4 c6 2. d4 d5 3. exd5 cxd5 4. c4 Nf6 5. Nc3 e6 6. Nf3 Bb4 7. Be2 0-0 8. 0-0 dxc4 9. Bxc4 Qc7 10. Bb3 a6 11. Bg5 Bxc3 12. Bxf6 Bxb2 13. Be5 Qd8 14. Rb1 Ba3 15. Bc2 Be7 16. Qd3 g6 17. h4 Nc6 18. h5 Bf6 19. Qe3 Nxe5 20. dxe5 Be7 21. Qh6 Qe8 22. Rb3 b5 23. Nh2 Bb7 24. Rh3 Qc6 25. Nf3 Qxc2 26. hxg6 Qxg6 27. Rg3 Bxf3 28. gxf3 Kh8 29. Rxg6 fxg6 30. Kg2 Bc5 31. Rc1 Rfc8 32. Qg5 Rc6 33. Qf6+ Kg8 34. Rd1 Rf8 35. Rd8 b4 36. Rxf8+ Bxf8 37. Qd8 Rc5 38. f4 Rc6 39. Qd7 Rb6 40. Qc8 a5 41. Qc7 Rb5 42. Qc6 Rc5 43. Qxe6+ Kh8 44. Qe8 1-0

[Event "Condino op 12th"]
[Site "Condino"]
[Date "2012.07.22"]
[Round "1"]
[White "De Santis, Alessio"]
[Black "Simoncini, Francesco"]
[Result "1-0"]
[WhiteElo "2349"]
[BlackElo "1839"]
[PlyCount "105"]
[EventDate "2012.07.22"]
[EventType "swiss"]
[EventRounds "7"]
[EventCountry "ITA"]
[SourceTitle "CBM 149 Extra"]
[Source "ChessBase"]
[SourceDate "2012.08.24"]
[SourceVersion "1"]
[SourceVersionDate "2012.08.24"]
[SourceQuality "1"]

1. d4 d6 2. Nf3 Nd7 3. d5 e5 4. dxe6 fxe6 5. g3 Ngf6 6. c4 Be7 7. Qc2 0-0 8. Ng5 Nc5 9. Nc3 h6 10. h4 e5 11. Bg2 c6 12. Be3 Ne6 13. 0-0-0 hxg5 14. hxg5 Nd7 15. Qh7+ Kf7 16. Qh5+ g6 17. Qh7+ Ke8 18. Qxg6+ Rf7 19. Rh7 Nxg5 20. Bxg5 Bxg5+ 21. f4 Bxf4+ 22. gxf4 Qf6 23. Qxf6 Nxf6 24. Rh8+ Ke7 25. fxe5 dxe5 26. Rdd8 Rh7 27. Rhf8 Bh3 28. Rxa8 Bxg2 29. Rfb8 Ke6 30. Rxa7 c5 31. Raa8 Bc6 32. Rh8 Rg7 33. Rad8 e4 34. Rh6 Ke7 35. Rd1 e3 36. Rh3 Ng4 37. Rg3 Kf6 38. Rdg1 Kf5 39. Rxe3 Nxe3 40. Rxg7 Nxc4 41. b3 Nd6 42. Kd2 Ke5 43. Rg5+ Ke6 44. Rxc5 Be4 45. Ke3 Bc6 46. Kf4 Nf7 47. Rh5 Kf6 48. e4 Kg6 49. Rf5 Nd8 50. Ke5 Nf7+ 51. Ke6 Ng5+ 52. Ke7 Bxe4 53. Rxg5+ 1-0

[Event "Lugano New op 6th"]
[Site "Lugano"]
[Date "2012.04.08"]
[Round "5"]
[White "Pinchetti, Andrea"]
[Black "Simoncini, Francesco"]
[Result "1/2-1/2"]
[WhiteElo "2017"]
[BlackElo "1800"]
[PlyCount "57"]
[EventDate "2012.04.06"]
[EventType "swiss"]
[EventRounds "6"]
[EventCountry "SUI"]
[SourceTitle "CBM 148 Extra"]
[Source "ChessBase"]
[SourceDate "2012.06.22"]
[SourceVersion "1"]
[SourceVersionDate "2012.06.22"]
[SourceQuality "1"]

1. f4 Nf6 2. Nf3 c5 3. e3 g6 4. Be2 Bg7 5. 0-0 0-0 6. d3 Nc6 7. Nc3 d6 8. e4 e5 9. fxe5 dxe5 10. Be3 b6 11. h3 Nh5 12. Qe1 f5 13. Bg5 Bf6 14. Bxf6 Nxf6 15. exf5 gxf5 16. Qh4 Qe7 17. Qg5+ Kh8 18. Qh6 Rg8 19. Nh4 Nd4 20. Bf3 Nxf3+ 21. Rxf3 f4 22. Re1 Qd8 23. Kh1 Bg4 24. Rxe5 Bxf3 25. Nxf3 Qf8 26. Qxf4 Qg7 27. Rg5 Qe7 28. Re5 Qg7 29. Rg5 1/2-1/2

[Event "Lugano New op 6th"]
[Site "Lugano"]
[Date "2012.04.07"]
[Round "3"]
[White "Simoncini, Francesco"]
[Black "Colmenares, Aurelio"]
[Result "0-1"]
[WhiteElo "1800"]
[BlackElo "2269"]
[PlyCount "72"]
[EventDate "2012.04.06"]
[EventType "swiss"]
[EventRounds "6"]
[EventCountry "SUI"]
[SourceTitle "CBM 148 Extra"]
[Source "ChessBase"]
[SourceDate "2012.06.22"]
[SourceVersion "1"]
[SourceVersionDate "2012.06.22"]
[SourceQuality "1"]

1. e4 e6 2. d4 d5 3. exd5 exd5 4. c4 Nf6 5. Nc3 Be7 6. Nf3 0-0 7. Bd3 c6 8. 0-0 Bg4 9. cxd5 Nxd5 10. h3 Be6 11. Re1 Nd7 12. Ne4 h6 13. Ng3 Qb6 14. Rxe6 fxe6 15. Qe2 c5 16. Bxh6 gxh6 17. Qe4 Rf7 18. Nh5 Kf8 19. Qg4 N7f6 20. Qg6 Nxh5 21. Ne5 Rg7 22. Qxh6 Nhf6 23. Ng6+ Kf7 24. Ne5+ Kg8 25. Ng6 Nh7 26. h4 Bf6 27. Re1 Bxd4 28. Bc4 Rf7 29. Kh1 Qd6 30. Re4 Bg7 31. Qd2 Nhf6 32. Re5 Ng4 33. Ne7+ Rxe7 34. f4 Bxe5 35. Qe2 Nxf4 36. Qxg4+ Rg7 0-1

[Event "Condino op 11th"]
[Site "Condino"]
[Date "2011.07.26"]
[Round "3"]
[White "Simoncini, Francesco"]
[Black "Pichler, Christoph"]
[Result "1-0"]
[WhiteElo "1581"]
[BlackElo "1904"]
[PlyCount "55"]
[EventDate "2011.07.25"]
[EventType "swiss"]
[EventRounds "7"]
[EventCountry "ITA"]
[SourceTitle "EXT 2012"]
[Source "ChessBase"]
[SourceDate "2011.11.24"]
[SourceVersion "1"]
[SourceVersionDate "2011.11.24"]
[SourceQuality "1"]

1. d4 d5 2. c4 e6 3. Nf3 Nf6 4. g3 c6 5. Bg2 Nbd7 6. Nbd2 Be7 7. 0-0 0-0 8. Qc2 Re8 9. e4 dxe4 10. Nxe4 Nxe4 11. Qxe4 Bf6 12. Rd1 Nb6 13. Qc2 Qe7 14. Bf4 c5 15. Be5 cxd4 16. Bxd4 Bxd4 17. Nxd4 e5 18. Nb5 Bg4 19. Rd2 Red8 20. Rxd8+ Qxd8 21. Bxb7 Rb8 22. Be4 g6 23. Nxa7 Qd7 24. Nc6 Rc8 25. Nxe5 Qe6 26. Nxg4 Rxc4 27. Qe2 Rxe4 28. Qxe4 1-0